| 000 | 00472nam a22001217a 4500 | ||
|---|---|---|---|
| 999 |
_c21359 _d21359 |
||
| 008 | 240906b ||||| |||| 00| 0 eng d | ||
| 100 |
_aPesigan-Ani, Fariza Nera. _eauthor. _960274 |
||
| 245 |
_aGulayan sa paaralang elementarya ng banaybanay / _cFariza Nera Pesigan-Ani. |
||
| 260 |
_aPhilippines; _bPublishers Association of the Philippines, Inc., _cJuly 2019. |
||
| 300 | _aVolume 168, pages 73. | ||
| 700 |
_aPesigan-Ani, Fariza Nera. _eauthor. _960274 |
||
| 942 |
_2ddc _cPER |
||